Byers to curb opposition at planning inquiries (Record no. 67416)

MARC details
000 -LEADER
fixed length control field 00959cam a2200217 4500
001 - CONTROL NUMBER
control field WB3724-37
008 - FIXED-LENGTH DATA ELEMENTS--GENERAL INFORMATION
fixed length control field 000000n2001 000 0 eng u
035 ## - SYSTEM CONTROL NUMBER
System control number (Sirsi) u113202
245 ## - TITLE STATEMENT
Title Byers to curb opposition at planning inquiries
260 ## - PUBLICATION, DISTRIBUTION, ETC.
Date of publication, distribution, etc. 2001
490 ## - SERIES STATEMENT
Series statement Financial Times
Volume/sequential designation 18 June 2001, 2
490 ## - SERIES STATEMENT
Series statement Urban Environment Today
Volume/sequential designation 21 June 2001, 1
490 ## - SERIES STATEMENT
Series statement Planning (for the Natural and Built Environment)
Volume/sequential designation 22 June 2001, 1(2)
520 ## - SUMMARY, ETC.
Summary, etc. Transport and planning secretary, Stephen Byers, has pledged to push forward plans to curb opposition to large infrastructure projects at public inquiries. The move, which will anger environmental groups, is part of Labour's attempts to end lengthy enquiries, and streamline planning procedures.
590 ## - LOCAL NOTE (RLIN)
Local note WB
650 ## - SUBJECT ADDED ENTRY--TOPICAL TERM
Topical term or geographic name entry element PLANNING INQUIRIES
650 ## - SUBJECT ADDED ENTRY--TOPICAL TERM
Topical term or geographic name entry element GOVERNMENT POLICY
650 ## - SUBJECT ADDED ENTRY--TOPICAL TERM
Topical term or geographic name entry element OPPOSITION
690 ## - LOCAL SUBJECT ADDED ENTRY--TOPICAL TERM (OCLC, RLIN)
Topical term or geographic name as entry element ENVIRONMENTAL AND LAND CONSULTANCY-PLANNING AND DEVELOPMENT
942 ## - ADDED ENTRY ELEMENTS (KOHA)
Suppress in OPAC 0
Holdings
Withdrawn status Lost status Source of classification or shelving scheme Damaged status Not for loan Home library Current library Shelving location Date acquired Total Checkouts Full call number Barcode Date last seen Copy number Price effective from Koha item type
    Dewey Decimal Classification     London London News article 20/06/2001   WB3724-37 113202-1001 06/08/2019 1 06/08/2019 News article